| 000 | 01256nam0a22003131 4500 | ||
|---|---|---|---|
| 001 | rc\3385211 | ||
| 005 | 20250609224159.0 | ||
| 021 |
_aRU _b[73-68608] |
||
| 035 | _a(NLR Aleph) 007536251 | ||
| 090 |
_a7770378 _c7770378 |
||
| 100 | _a20130115d1973 |||y0rusy50 ca | ||
| 101 | 0 | _arus | |
| 102 | _aRU | ||
| 105 | _aa z ||||| | ||
| 200 | 1 | _aШахтные тяговые преобразователи с полупроводниковыми вентилями | |
| 210 |
_aМосква _cНедра _d1973 |
||
| 215 |
_a145 с. _cил. _d21 |
||
| 300 | _aПеред загл. авт.: Н.И. Алексеев, С.Л. Демидов, В.И. Рюмин | ||
| 320 | _aСписок лит.: с. 142-144 (57 назв.) | ||
| 606 |
_aТяговые подстанции, рудничные _2psbo |
||
| 700 | 1 |
_7ca _8rus _aАлексеев _bН. И. _cканд. техн. наук, горное дело _gНиколай Иванович _9258299 _3RU\NLR\AUTH\770258355 |
|
| 701 | 1 |
_aДемидов _bС.Л. _gСтанислав Леонидович |
|
| 701 | 1 |
_aРюмин _bВ.И. _gВладислав Иванович |
|
| 801 | 0 |
_aRU _bNLR _gpsbo |
|
| 801 | 1 |
_aRU _bELAR _2rusmarc |
|
| 852 |
_aNLR _j73-5/3712 |
||
| 942 | _cBOOK | ||
| 980 | _aNB | ||